Tate McRae - guess the song with no hint #2 - Statistics

General Stats
  • This quiz has been taken 502 times
  • The average score is 181 of 333
Answer Stats
Answer % Correct
oh
100%
yeah-
99%
yeah
99%
yeah,
99%
I
95%
You
89%
you
89%
a
87%
me
77%
me,
77%
the
76%
The
76%
It
69%
it
69%
to
68%
when
68%
When
68%
my
67%
My
67%
be
65%
your
64%
you're
64%
for
62%
that
61%
that's
61%
And
60%
and
60%
I'm
58%
know
58%
like
57%
on
57%
in
55%
is
54%
it's
54%
just
52%
Don't
51%
run
50%
run,
50%
way
50%
all
49%
All
49%
ever
49%
hills
49%
hills,
49%
us,
49%
want
48%
can't
46%
hands
46%
I'll
46%
never
46%
Never
46%
But,
45%
of
45%
should
45%
Should
45%
touch
45%
'Cause
44%
heart,
44%
up
44%
than
43%
there
43%
down
42%
more
42%
back
41%
running
41%
gonna
40%
keep
40%
late
40%
straight
40%
Straight
40%
by
39%
fucking
39%
get
39%
Long
39%
long
39%
with
39%
deep
38%
nights,
38%
hair
37%
still
37%
through
37%
clothes
36%
door
36%
everywhere
36%
eyes,
36%
out
36%
around
35%
cuts
35%
easy
35%
from
35%
moment
35%
red
35%
something
35%
tease
35%
thing
35%
Hotels,
34%
talks,
34%
done
32%
hate
32%
life
32%
nowhere,
32%
bad
31%
Kissing,
31%
lock
31%
screaming,
31%
again,
30%
Maybe
30%
Missing
30%
true
30%
attention
29%
bed
29%
until
29%
Break
28%
break
28%
find
28%
war
28%
danger's
27%
thrill
27%
walking
27%
into
26%
edge
25%
gotta
25%
obsessive
25%
rules,
25%
covered
24%
ends
22%
heel's
21%
somehow,
20%
huh,
11%
huh
11%
No matching quizzes found
Score Distribution
Percent of People with Each Score
Percentile by Number Answered
Your Score History
You have not taken this quiz